[Event "GER GM08-A email"]
[White "Schilcher, Adrian"]
[Black "Fleetwood, Daniel M"]
[Site "GER email"]
[Round "?"]
[Result "1/2-1/2"]
[Date "2019.06.19"]
[WhiteElo "2567"]
[BlackElo "2581"]
[PlyCount "89"]
[EventDate "2019.??.??"]
[EventType "tourn (corr)"]
[EventRounds "13"]
[EventCountry "GER"]
[SourceTitle "Corr 2022"]
[Source "ChessBase"]
[SourceDate "2021.10.24"]
[SourceVersion "1"]
[SourceVersionDate "2021.10.24"]
[SourceQuality "1"]

1. e4 c5 2. Nf3 Nc6 3. Bb5 g6 4. Bxc6 bxc6 5. 0-0 Bg7 6. Re1 Nh6 7. c3 0-0 8. d4 cxd4 9. cxd4 d5 10. e5 f6 11. h3 fxe5 12. dxe5 c5 13. b4 cxb4 14. a3 Rb8 15. axb4 Rxb4 16. Nc3 Bb7 17. Ba3 Rc4 18. Qd3 Qd7 19. Rab1 Rd8 20. Red1 Bc6 21. Qxc4 dxc4 22. Rxd7 Rxd7 23. Rb8+ Bf8 24. Nd2 Rb7 25. Rc8 Bd7 26. Rd8 Nf7 27. Ra8 Kg7 28. Bc5 Bc6 29. Rxa7 Rxa7 30. Bxa7 g5 31. Nxc4 Nd8 32. f3 Kg6 33. Kf2 Bg7 34. Bb8 h5 35. Na5 Ba8 36. g4 Nf7 37. Nc4 Nd8 38. Ke3 hxg4 39. hxg4 Nc6 40. Bc7 Bb7 41. Na4 Ba6 42. Nab6 Kf7 43. f4 gxf4+ 44. Kxf4 Nd4 45. Ke4 1/2-1/2